Statistics for Science o' Math Challenge #1

Click here to take the quiz!

General Stats

  • This quiz has been taken 143 times
  • The average score is 5 of 15

Answer Stats

ChallengeSolution% Correct
What is in 23 pairs in human body?Chromosome
83%
Name the element named after the planet Uranus.Uranium
78%
The longest side in a right triangle is ______________.Hypotenuse
66%
What is the fear of spiders?Arachnophobia
59%
'Appendix' is a part of which internal organ?Large Intestine
52%
What force makes compass needle point towards north pole?Magnetism
28%
The S.I Unit for measuring pressure is ________Pascal
28%
Which is the softest material?Talc
20%
What is the study of light called?Optics
11%
What was an important contribution of Aryabhata in the field of Mathematics?Zero
11%
Which disease is caused by the deficiency of Iodine?Goitre
10%
Which is the most valuable and precious metal?Rhodium
6%
Product of Mean=Product of _________Extremes
5%
Who is credited for the heliocentric theory?Nicolaus Copernicus
5%
What is the scientific name for Vitamin D?Calciferol
3%

Score Distribution

Percentile by Number Answered

Percent of People with Each Score

Your Score History

You have not taken this quiz